000 00582nam a2200205 a 4500
001 000018726
005 20200929165840.0
008 100514s1974 ag 000 p spa d
040 _aDO-SdBNP
_bspa
_cBNPHU
082 _aCh861.4
_bN454v, 1974
100 1 _aNeruda, Pablo,
_d1904-1973
_99164
245 1 4 _aLos versos del capitán /
_cPablo Neruda.
250 _a8a ed.
260 _aBuenos Aires, Argentina :
_bLosada,
_c1974.
300 _a122 p. ;
_c18 cm.
650 4 _aPoesía chilena
_99166
650 4 _aLiteratura chilena
_ySIGLO XX
_914677
910 _aWM
049 _aBNGR
999 _c18246
_d18246